000 00566nam a2200205 i 4500
001 C2-0219662
003 PPAK
005 20180728112027.0
008 990907s1985 my |||| ||||| | may d
040 _aPPAK
_beng
_cPPAK
_erda
082 0 4 _a370.9595
_2 23
090 0 0 _a370.9595
_bKER
_dKK
245 0 0 _aKeratan Akhbar Koleksi Kedah (Keda)
264 1 _aAlor Setar, Kedah :
_bPerbadanan Perpustakaan Awam Kedah ,
_c1985/86
300 _c33 cm
336 _2rdacontent
_atext
337 _2rdamedia
_aunmediated
338 _2rdacarrier
_avolume
942 _ddc
_cB
999 _c162224
_d162224